<?xml version="1.0" encoding="UTF-8"?>
<record
    xmlns:xsi="http://www.w3.org/2001/XMLSchema-instance"
    xsi:schemaLocation="http://www.loc.gov/MARC21/slim http://www.loc.gov/standards/marcxml/schema/MARC21slim.xsd"
    xmlns="http://www.loc.gov/MARC21/slim">

  <leader>00340nam a22001097a 4500</leader>
  <datafield tag="082" ind1=" " ind2=" ">
    <subfield code="a">338.479195493</subfield>
    <subfield code="b">Sri</subfield>
    <subfield code="c">D</subfield>
  </datafield>
  <datafield tag="245" ind1=" " ind2=" ">
    <subfield code="a">Sri Lanka Offical tourist handbook</subfield>
    <subfield code="c">Ceylon tourist board publication</subfield>
  </datafield>
  <datafield tag="260" ind1=" " ind2=" ">
    <subfield code="a">Colombo</subfield>
    <subfield code="b">Ceylon tourist board</subfield>
  </datafield>
  <datafield tag="300" ind1=" " ind2=" ">
    <subfield code="a">124 p. :</subfield>
    <subfield code="b">ill, ;</subfield>
    <subfield code="c">18 cm.</subfield>
  </datafield>
  <datafield tag="526" ind1=" " ind2=" ">
    <subfield code="a">0</subfield>
    <subfield code="b">0</subfield>
    <subfield code="c">0</subfield>
    <subfield code="d">338_479195493000000_SRI</subfield>
  </datafield>
  <datafield tag="942" ind1=" " ind2=" ">
    <subfield code="2">ddc</subfield>
    <subfield code="c">BK</subfield>
  </datafield>
  <datafield tag="999" ind1=" " ind2=" ">
    <subfield code="c">542117</subfield>
    <subfield code="d">542117</subfield>
  </datafield>
  <datafield tag="952" ind1=" " ind2=" ">
    <subfield code="0">0</subfield>
    <subfield code="1">0</subfield>
    <subfield code="2">ddc</subfield>
    <subfield code="4">0</subfield>
    <subfield code="7">0</subfield>
    <subfield code="a">MCE</subfield>
    <subfield code="b">MCE</subfield>
    <subfield code="d">2013-09-23</subfield>
    <subfield code="l">0</subfield>
    <subfield code="o">338.479195493 Sri</subfield>
    <subfield code="p">MCE-44840</subfield>
    <subfield code="r">2013-09-23</subfield>
    <subfield code="t">1</subfield>
    <subfield code="w">2013-09-23</subfield>
    <subfield code="y">BK</subfield>
  </datafield>
</record>
